| 000 | 00491nam a2200145 a 4500 | ||
|---|---|---|---|
| 008 | 120416s1973 ||||||||||||||||| || u | ||
| 050 | _aHD 7333.L7 Bai | ||
| 100 | _aBailey, Ron | ||
| 245 | 1 | 4 | _aThe squatters |
| 260 |
_aHarmondsworth _bPenguin _c1973 |
||
| 350 | _a0.00 | ||
| 650 | _aSquatters--Developing countries | ||
| 650 | _aHOUSING | ||
| 995 |
_D0.00 _FCBU-MAIN LIBRARY (Kitwe) _H1 _I0.00 _M1 _UDAMAGED _ZMain Library Open Access Collection |
||
| 999 |
_c58130 _d58130 |
||